| 000 | 01152nas a2200301 4500 | ||
|---|---|---|---|
| 001 | BR8000748 | ||
| 003 | BR-BrBNA | ||
| 005 | 20231205084126.0 | ||
| 007 | ta | ||
| 008 | 230509b bl.|||p| |||| 00| 00por d | ||
| 040 |
_aBR-BrBNA _bpor _cBiblioteca Nacional de Agricultura |
||
| 041 | _a(Pt) | ||
| 072 | _aE15 | ||
| 100 | 1 | _aChabaribery, D. | |
| 100 | 1 | _aMello, N.T.C. de | |
| 100 | 1 | _aAzevedo, C.A.F. de | |
| 245 | 1 | _aCoeficientes fisicos e estimativa de custo operacional para pecuaria leiteira, nos municipios de Guaratingueta e Cunha, estado de Sao Paulo, 1979 [Gado leiteiro; Brasil] | |
| 246 | 1 | _a[Physical coefficients and operational cost estimation for dairy cattle, in the counties of Guaratingueta and Cunha, Sao Paulo state, 1979 [Dairy cattle; Brazil]] | |
| 650 | _aMicroeconomia | ||
| 650 | _aGado leiteiro | ||
| 650 | _aCusto de producao | ||
| 650 | _aGuaratingueta | ||
| 650 | _aCunha | ||
| 650 | _aSao Paulo | ||
| 773 | 0 |
_tInformacoes Economicas - Instituto de Economia Agricola (Brazil) _xISSN 0100-4409 _g(Jun 1979), v. 9(6) p. 15-22 _wBR8000748 |
|
| 909 |
_a202311 _bLúcia _c55 _dLúcia Elande |
||
| 942 |
_2AGRIS _n0 _cANA |
||
| 999 |
_c103288 _d103288 |
||